System of cost accounting in ordnance factories (Record no. 501547)

000 -LEADER
fixed length control field 00403cam a22001217a 4500
008 - FIXED-LENGTH DATA ELEMENTS--GENERAL INFORMATION
fixed length control field 180718b1991 xxu||||| |||| 00| 0 eng d
082 ## - DEWEY DECIMAL CLASSIFICATION NUMBER
Classification number APPPA 90-91 DIW
100 ## - MAIN ENTRY--PERSONAL NAME
Personal name Diwan, Virendra
245 ## - TITLE STATEMENT
Title System of cost accounting in ordnance factories
Statement of responsibility, etc. by Virendra Diwan
260 ## - PUBLICATION, DISTRIBUTION, ETC.
Place of publication, distribution, etc. New Delhi
Name of publisher, distributor, etc. Indian Institute of Public Administration
Date of publication, distribution, etc. 1991
300 ## - PHYSICAL DESCRIPTION
Extent 67p.
650 ## - SUBJECT ADDED ENTRY--TOPICAL TERM
Topical term or geographic name entry element Cost accounting-Ordnance factories
Holdings
Withdrawn status Lost status Damaged status Not for loan Permanent Location Current Location Date acquired Full call number Barcode Date last seen Price effective from Koha item type
        Indian Institute of Public Administration Indian Institute of Public Administration 2018-08-04 APPPA 90-91 DIW GR12441 2018-08-04 2018-08-04 GR

Powered by Koha